00239nam a2200097Ia 4500100001600000654003200016245003400048260003900082300000800121546001200129 aApte/ D.G.  ainternational financial mgt aInternational Financial Mgt bTata Mc Graw hillaNew Delhic1995 a657 aENGLISH